|
|
|
|
| LEADER |
00000nab a2200000 a 4500 |
| 001 |
vtls000544012 |
| 003 |
SK-MaSNL |
| 005 |
20260304100322.0 |
| 008 |
250425c1995 xo 0 slo |
| 015 |
|
|
|a SNBRB19rr/mm-uuuuu
|
| 035 |
|
|
|a CL0544150
|
| 035 |
|
|
|a urn:nbn:sk:snk-abep79
|
| 035 |
|
|
|a (urnnbn)urn:nbn:sk:snk:ar-0070xh
|
| 035 |
|
|
|a (uuid)831bf847-c6b6-4a49-aab4-466cb502313a
|
| 040 |
|
|
|a SNKBUCL
|b slo
|c SNKBUCL
|e AACR2
|
| 041 |
0 |
|
|a slo
|
| 044 |
|
|
|a xo
|c SK
|
| 080 |
|
|
|a 639.2(437.6):351.823.1:343.21:340.13
|2 1981
|
| 080 |
|
|
|a 351.823.1
|2 1981
|
| 080 |
|
|
|a 343.21
|2 1981
|
| 080 |
|
|
|a 340.13
|2 1981
|
| 100 |
1 |
|
|a Hanniker, Ladislav,
|d 1952-
|4 aut
|9 106855
|
| 245 |
1 |
0 |
|a Povinnosti a zodpovednosť
|b Rybárska stráž ako verejný činiteľ (1)
|c Ladislav Hanniker
|
| 500 |
|
|
|a Začiatok
|
| 650 |
0 |
7 |
|a rybárstvo
|2 snkbucl
|9 2776
|
| 650 |
0 |
7 |
|a stráž rybárska
|2 snkbucl
|9 883724
|
| 655 |
|
7 |
|a články z novín a časopisov
|2 snkbucl
|9 267496
|
| 773 |
0 |
|
|t Poľovníctvo a rybárstvo
|g Roč. 47, č. 2 (1995), s. 27
|x 0231-8768
|
| 850 |
|
|
|a Slovenská národná knižnica
|
| 852 |
|
|
|a Slovenská národná knižnica
|
| 954 |
|
|
|a odborná, vedecká literatúra pôvodná (slovenská)
|2 lita
|
| 958 |
|
|
|a article27
|
| 958 |
|
|
|a RK
|
| 958 |
|
|
|a OND
|
| 958 |
|
|
|a EUIPO
|
| 992 |
|
|
|a RBX
|
| 999 |
|
|
|c 2837413
|d 2839343
|